UM Logo

Theories of crime causation : (Record no. 23238)

MARC details
000 -LEADER
fixed length control field 00704nam a2200181 4500
005 - DATE AND TIME OF LATEST TRANSACTION
control field 20241127090802.0
008 - FIXED-LENGTH DATA ELEMENTS--GENERAL INFORMATION
fixed length control field 241127b |||||||| |||| 00| 0 eng d
020 ## - INTERNATIONAL STANDARD BOOK NUMBER
International Standard Book Number 9786214183401
082 ## - DEWEY DECIMAL CLASSIFICATION NUMBER
Classification number DFil 364.01 C111 2024
245 ## - TITLE STATEMENT
Title Theories of crime causation :
Remainder of title an instructional and learning guide /
Statement of responsibility, etc. Nicholos S. Caballero, Liza Joy B. Barican and Jonalyn M. Suarnaba.
260 ## - PUBLICATION, DISTRIBUTION, ETC. (IMPRINT)
Place of publication, distribution, etc. Quezon City, Philippines :
Name of publisher, distributor, etc. Wiseman's Book Trading, Inc.,
Date of publication, distribution, etc. ©2024.
300 ## - PHYSICAL DESCRIPTION
Extent vi, 237 pages :
Other physical details illustrations ;
Dimensions 23 cm.
500 ## - GENERAL NOTE
General note Includes references.
650 #0 - SUBJECT ADDED ENTRY--TOPICAL TERM
Topical term or geographic name as entry element Crime.
9 (RLIN) 64321
700 ## - ADDED ENTRY--PERSONAL NAME
Personal name Barican, Liza Joy B.,
Relator term author.
9 (RLIN) 64322
700 ## - ADDED ENTRY--PERSONAL NAME
Personal name Suarnaba, Jonalyn M.,
Relator term author.
9 (RLIN) 64323
942 ## - ADDED ENTRY ELEMENTS (KOHA)
Source of classification or shelving scheme Dewey Decimal Classification
Koha item type Filipiniana
Holdings
Withdrawn status Lost status Source of classification or shelving scheme Damaged status Not for loan Collection code Home library Current library Shelving location Date acquired Source of acquisition Total Checkouts Full call number Barcode Date last seen Date last checked out Price effective from Koha item type
    Dewey Decimal Classification     Filipiniana UM Digos College - LIC UM Digos College - LIC Book Cart 08/20/2024 Purchased 1 DFil 364.01 C111 2024 28532 10/27/2025 10/18/2025 11/27/2024 Filipiniana